| 000 | 01064nam0a2200277 4500 | ||
|---|---|---|---|
| 001 | RU\NLR\bibl\500686 | ||
| 005 | 20260405081237.0 | ||
| 010 |
_a5-85907-087-X _910000 |
||
| 035 | _a(NLR Aleph) 000493284 | ||
| 090 |
_a1127283 _c1127283 |
||
| 100 | _a20040316d1998 |||y0rusy50 ca | ||
| 101 | 0 | _arus | |
| 102 | _aRU | ||
| 105 | _aa ||||||||| | ||
| 200 | 1 |
_aРемонт двигателей "Жигулей" _e(Модели 2101, 2103, 2105, 2106, 2107) _fРосс Твег |
|
| 210 |
_aМ. _cЗа рулем _d1998 |
||
| 215 |
_a127,[1] с. _cил. _d20 |
||
| 606 | 0 |
_aАвтомобильные двигатели ВАЗ _xРемонт _92163376 _3RU\NLR\auth\661301810 |
|
| 606 | 0 |
_aВАЗ, автомобильные двигатели _jРуководства, пособия и т.п. _xРемонт _92346606 _3RU\NLR\auth\661402274 |
|
| 686 | _aО353-083я7 | ||
| 700 | 1 |
_4070 _8rus _7ca _aТвег _bР. _gРосс _3RU\NLR\auth\7728226 _911257 |
|
| 801 | 0 |
_aRU _bNLR _c20040316 _gPSBO |
|
| 801 | 1 |
_aRU _bNLR _c20040316 |
|
| 942 | _cBOOK | ||
| 980 | _aNB | ||